000 00460 a2200157 4500
999 _c2055
_d2055
020 _a9780071105989
050 _aHD 30.28 DES 2007
100 _aDess, Gregory G.
245 _aStrategic management
_btext & cases /
_cGregory G. Dess, G.T Lumpkin and Alan B. Eisner
250 _a3rd ed.
264 _aNew York
_bMcGraw- Hill
_c2007
300 _a976p.
500 _aincludes index
650 _aStrategic management
942 _2lcc
_cBK
_e3rd ed.
_h30.28
_iDES
_kHD